De quel président français a t'il été premier ministre ? #1 - Statistiques

Statistiques générales
  • Ce quiz a été pris 245 fois
  • Le résultat moyen est 6 sur 7
Statistiques - réponses
Premier.e Ministre Président % Correct
François Fillon Nicolas Sarkozy
98%
Élisabeth Borne Emmanuel Macron
96%
Jacques Chirac Valéry Giscard d'Estaing / François Mitterrand
92%
Jean-Marc Ayrault François Hollande
90%
Alain Juppé Jacques Chirac
90%
Michel Debré Charles De Gaulle
83%
Jacques Chaban-Delmas Georges Pompidou
82%
Aucun quiz correspondant
Distribution des résultats
% des personnes avec chaque résultat
Percentile par nombre de réponses
Votre historique - résultats
Vous n’avez pas pris ce quiz